000
00316nam a22001217a 4500
008
170216b xxu||||| |||| 00| 0 eng d
050
_a
JA1.P63(1994 Vol.42)
245
_a
Political Studies. /
260
_a
Oxford:
_b
Blackwell,
_c
1994.
300
_a
707p. ,233p.:
_c
24cm.
700
_a
Micheal Moran.
942
_2
lcc
_c
BK
999
_c
6286
_d
13786